01219naa#a2200229#i#4500001001600000005001700016011001400033100004100047101000800088102000700096200033000103210008300433215001000516608004500526675011000571700005800681700006000739700006400799700005400863700005200917856002000969RU\\bibl\12533120260630081734.2##a2077-7566##a20260629b2026####ek#y0rusy0150####ca0#aRUS##aRU1#aКЛИНИЧЕСКАЯ ЭФФЕКТИВНОСТЬ ДИФФЕРЕНЦИРОВАННЫХ ПРОТОКОЛОВ КОМПЛЕКСНОЙ ОРТОПЕДИЧЕСКОЙ РЕАБИЛИТАЦИИ ПАЦИЕНТОВ С ДИСФУНКЦИЕЙ ВИСОЧНО-НИЖНЕЧЕЛЮСТНОГО СУСТАВАeЖурнальная статья1#aЕкатеринбургcИздательский Дом «ТИРАЖ»d2026##a9 с.##aЖурнальная статья2local##aСтоматология. Заболевания ротовой полости и зубов. 616.31zRUS#1aНачарьянgДмитрий Георгиевич#1aАпресянgСамвел Владиславович#1aСтепановgАлександр Геннадьевич#1aКопыловgМаксим Валерьевич#1aМосковецgОксана Олеговна4#adental-press.ru